| 000 | 00411pam a2200157a 44500 | ||
|---|---|---|---|
| 008 | 230515b1972 xxu||||| |||| 00| 0 eng d | ||
| 020 | _aNULL | ||
| 041 | _aENGLISH | ||
| 082 | _a630 | ||
| 100 | _a1239-1982 | ||
| 245 | _aMETHODS OF CONCENTRATION PARTICLE SIZE DISTRIBUTION & SPECIFIC GRAVITY OF SEDIMENT IN STREAMS & CANALS | ||
| 250 | _a0 | ||
| 260 |
_aDELHI _bISI _c1972 |
||
| 300 | _a16 | ||
| 650 | _aNULL | ||
| 999 |
_c652251 _d652251 |
||